| 000 | 00927nam a22001817a 4500 | ||
|---|---|---|---|
| 003 | AM-YeHGA | ||
| 040 | _aAM-YeHGA | ||
| 090 | _c453766 | ||
| 005 | 20250617160326.0 | ||
| 008 | 200914s ||||| |||| 00| 0 rus d | ||
| 041 | 0 | _arus | |
| 110 | 1 |
_aТатарская АССР _bВерховный Совет _bСозыв _n5 _bЮбилейная сессия, посвященная 40-летию образования Татарской АССР _d1960 |
|
| 245 | 1 | 0 |
_aСтенографический отчет / _cЮбилейная сессия Верховного совета Татар. АССР, посвящ. 40-летию образования ТАССР. 25 июня 1960 г. |
| 260 |
_aКазань : _b[б. и.], _c1960 |
||
| 653 | 0 | _aТатарская АССР - Юбилей, 1960 | |
| 653 | 0 | _aКоммунистическое строительство - Татар. АССР | |
| 942 |
_2udc _cBK |
||
| 999 |
_c450833 _d450833 |
||